Personálne plánovanie vo vybranom podniku bakalárska práca

Enregistré dans:
Détails bibliographiques
Auteur principal: Šimková, Martina
Collectivité auteur: Podnikovohospodárska fakulta EU so sídlom v Košiciach. Katedra manažmentu
Autres auteurs: Štofová, Lenka, 1989-
Format: Livre
Langue:slovaque
Publié: Košice 2018
Tags: Ajouter un tag
Pas de tags, Soyez le premier à ajouter un tag!

MARC

LEADER 00000nbm a2200000 4500
001 0245699
005 20181024123616.6
041 0 |a slo 
044 |a SK 
245 1 0 |a Personálne plánovanie vo vybranom podniku  |b bakalárska práca  |c Martina Šimková ; školiteľ: Lenka Štofová 
264 1 |a Košice  |c 2018 
300 |a 61 s. 
100 1 |a Šimková, Martina 
700 1 |a Štofová, Lenka, 1989- 
710 2 |a Podnikovohospodárska fakulta EU so sídlom v Košiciach. Katedra manažmentu